000 00340nam a22001217a 4500
082 _a294.5 PRA
100 _aBoni, Pravin Kumar
245 _aA Study of Selected Texts of Bhagavadgita: A Dalit Perspective
260 _aHenry Martyn Institute, Hyderabad
_bHenry Martyn Institute
_c2021
300 _a93
650 _aHinduism
942 _cTHES
999 _c23202
_d23202